GOOD AGRICULTURAL GOVERNANACE (Record no. 11669)
[ view plain ]
| 000 -LEADER | |
|---|---|
| fixed length control field | 00505nam a22001697a 4500 |
| 003 - CONTROL NUMBER IDENTIFIER | |
| control field | OSt |
| 005 - DATE AND TIME OF LATEST TRANSACTION | |
| control field | 20211012090702.0 |
| 008 - FIXED-LENGTH DATA ELEMENTS--GENERAL INFORMATION | |
| fixed length control field | 211012b |||||||| |||| 00| 0 eng d |
| 020 ## - INTERNATIONAL STANDARD BOOK NUMBER | |
| International Standard Book Number | 9789251069912 |
| 040 ## - CATALOGING SOURCE | |
| Transcribing agency | HU |
| 082 ## - DEWEY DECIMAL CLASSIFICATION NUMBER | |
| Classification number | 633/DAS |
| 100 ## - MAIN ENTRY--PERSONAL NAME | |
| Personal name | Dasgupta Subash |
| 9 (RLIN) | 12600 |
| 245 ## - TITLE STATEMENT | |
| Title | GOOD AGRICULTURAL GOVERNANACE |
| Remainder of title | A resource guide focused on smallholder crop production |
| 260 ## - PUBLICATION, DISTRIBUTION, ETC. | |
| Place of publication, distribution, etc. | BANGKOK |
| Name of publisher, distributor, etc. | FOOD AGRICULTURAL ORGANIZATION OF THE UNITED NATIONS |
| Date of publication, distribution, etc. | 2011 |
| 300 ## - PHYSICAL DESCRIPTION | |
| Extent | 114p. |
| 942 ## - ADDED ENTRY ELEMENTS (KOHA) | |
| Source of classification or shelving scheme | Dewey Decimal Classification |
| Koha item type | Books like text book referance book |
| Suppress in OPAC | No |
| Withdrawn status | Lost status | Source of classification or shelving scheme | Damaged status | Not for loan | Home library | Current library | Shelving location | Date acquired | Total Checkouts | Full call number | Barcode | Date last seen | Copy number | Price effective from | Koha item type |
|---|---|---|---|---|---|---|---|---|---|---|---|---|---|---|---|
| Dewey Decimal Classification | Natural & Computational Science Library | Natural & Computational Science Library | General Stacks | 10/12/2021 | 633/DAS | NSCLIB000017805 | 10/12/2021 | 1 | 10/12/2021 | Books like text book referance book |